000
00478nam a2200169Ia 4500
008
090711s9999 xx 000 0 und d
082
_b
1541
100
_a
फडके र. उाgऎ
245
_a
स्वल्पविराम
260
_c
1937
300
_a
135
600
_a
फडके र. उाgऎ
630
_a
स्वल्पविराम
700
_a
फडके र. उाgऎ
730
_a
स्वल्पविराम
942
_c
BOOK
999
_c
305038
_d
305038